| 000 | 00386cam a2200133ua 4500 | ||
|---|---|---|---|
| 003 | OSt | ||
| 008 | 221019b |||||||| |||| 00| 0 eng d | ||
| 041 | _aeng | ||
| 082 |
_a627.01 _bCBI/IN |
||
| 245 | 0 | 0 | _aInnovative Construction of water Resources projects in Asian Region, Publication no:228 / |
| 260 |
_aNew Delhi : _bCentral Board of I and P , _c1995. |
||
| 300 | _a149 ; . | ||
| 942 | _cBK | ||
| 999 |
_c823 _d823 |
||